| 000 | 01044cam a22002531 4500 | ||
|---|---|---|---|
| 001 | 2788 | ||
| 003 | BD-RjUL | ||
| 005 | 20211208233622.0 | ||
| 008 | 131217r19531950xx 001 0 eng | ||
| 035 | _a(BD-RjUL)2815 | ||
| 040 |
_aDLC _cODaWU _dDLC _beng |
||
| 041 | _aeng | ||
| 082 |
_a330.986 _216 _bBAS 1950 |
||
| 245 | 0 | 4 |
_aThe basis of a development program for Colombia : _bReport of a mission headed by Lauchlin Currie and sponsored by the International Bank for Reconstruction and Development, in collaboration with the Government of Colombia |
| 260 |
_aWashington, D.C. : _bInternational Bank for Reconstruction and Development , _c1950 [printing 1953] |
||
| 300 |
_axxxviii, 642 p. _bmaps (part col., 1 fold.) _c25 cm. |
||
| 526 | _bECONOMICS | ||
| 651 | 0 |
_aColombia _xEconomic policy. _98940 |
|
| 651 | 0 |
_aColombia _xEconomic conditions _y1918-1970. _98941 |
|
| 700 | 1 |
_aCurrie, Lauchlin _98942 |
|
| 710 |
_aInternational Bank for Reconstruction and Development _9220916 |
||
| 710 |
_aGovernment of Colombia _9220917 |
||
| 942 |
_2ddc _cBK |
||
| 999 |
_c2788 _d2788 |
||